| 000 | 00348nam a2200121 4500 | ||
|---|---|---|---|
| 008 | 240222b |||||||| |||| 00| 0 eng d | ||
| 022 | _a13910582 | ||
| 245 | _aLogos-Vol. 37, no. 3 & 4 | ||
| 246 | _aPeace in perspective : The Temporal and the christic | ||
| 260 |
_aColombo : _bCentre for society & Religion, _c1999 |
||
| 300 | _b112 p. | ||
| 942 | _cCR | ||
| 999 |
_c4796 _d4796 |
||